|
|
|
|
| LEADER |
00000cam a22000004a 4500 |
| 001 |
musev2_28071 |
| 003 |
MdBmJHUP |
| 005 |
20230905042955.0 |
| 006 |
m o d |
| 007 |
cr||||||||nn|n |
| 008 |
130319t20132013nyu o 00 0 eng d |
| 020 |
|
|
|a 9781438448664
|
| 020 |
|
|
|z 9781438448657
|
| 035 |
|
|
|a (OCoLC)868930207
|
| 040 |
|
|
|a MdBmJHUP
|c MdBmJHUP
|
| 100 |
1 |
|
|a Sealey, Kris,
|d 1978-
|
| 245 |
1 |
0 |
|a Moments of Disruption :
|b Levinas, Sartre, and the Question of Transcendence /
|c Kris Sealey.
|
| 264 |
|
1 |
|a Albany :
|b State University of New York Press,
|c [2013]
|
| 264 |
|
3 |
|a Baltimore, Md. :
|b Project MUSE,
|c 2014
|
| 264 |
|
4 |
|c ©[2013]
|
| 300 |
|
|
|a 1 online resource (224 pages).
|
| 336 |
|
|
|a text
|b txt
|2 rdacontent
|
| 337 |
|
|
|a computer
|b c
|2 rdamedia
|
| 338 |
|
|
|a online resource
|b cr
|2 rdacarrier
|
| 505 |
0 |
|
|a Acknowledgments; Introduction; The Argument's Trajectory; Overview; Chapter 1 The Role of Being in Sartre's Model of Transcendence-as-Intentionality; I. The Implications of the Intentional Structure of Consciousness; Husserl's Position, According to Sartre; Sartre's Critique of Husserl; Sartre's Position: Consciousness is an Impersonal Field of Spontaneity; II. The Role of Being in Sartre's Theory of Consciousness; Transphenomenal Being; III. Intentionality Rests on a Negative Relation to Being; Consciousness is the Source of the 'Not' in Being.
|
| 505 |
0 |
|
|a IV. Sartre's Model of Transcendence: The Movement of a Radically Free ConsciousnessThe Free Creativity of Consciousness; The Waiter in Bad Faith; The Experience of Anguish; VI. Facticity in Consciousness's Relation to Being; Chapter 2 Positionality in Levinas's Transcendence-as-Excendence; I. Behind a Liberal Conception of Identity; II. Beyond Liberalism and Nationalism; The "moi" and the "soi"; No Exit for "Le Moi"; III. Before 'Being in the World'; Insomnia; The Effort of the "Moi" in Hypostasis; The Passion and Activity of Sensibility; Enjoyment; IV. Excendence Takes Place Prior to Freedom.
|
| 505 |
0 |
|
|a Excendence is Concretized in Absolute PassivityDeath as the Ultimate Depositioning; Chapter 3 Levinasian Positionality in Sartre's Account of Nausea; I. Positionality and Beginning; II. The Time of Alterity as a Time of Solitude; "First-" and "Second-"Order Solitude; "Identity in Intentionality" and "Identity in Recurrence"; III. Roquentin's Journey in Nausea; Roquentin's Horror; IV. Transcending despite "Nausea"?; Nausea as a Revelation of Facticity; Nausea as the Groundwork for the Phenomenological Reduction; Chapter 4 Levinasian Positionality Implicit Sartre's Affective Experiences.
|
| 505 |
0 |
|
|a I The Body as FacticityThe Affectivity of "Pain Consciousness"; The Inadequacy of Intentionality; II. Finding Levinasian Passivity in Sartre's Descriptions of Shame; Sartre's Descriptions of "Being-Seen"; Situating Shame Beyond Reflective and Prereflective Experience; III. Passivity in Levinas's Reading of Shame; Chapter 5 Levinas and Sartre on the Question of the Other; I. The Other is "Extramundane" for Both Sartre and Levinas; The Non-Manifestation of Levinas's Other; II. Sartre's Alienation before the Other; Sartre on Obligation; III. Freedom as the source of all value.
|
| 505 |
0 |
|
|a IV. Levinas's Substitution: Freedom Is Not PrimaryV. Limitations and Values; Concluding Remarks; Notes; Bibliography; Index.
|
| 520 |
|
|
|a "Ethical and political implications of Levinas' and Sartre's accounts of human existence"--Provided by publisher
|
| 588 |
|
|
|a Description based on print version record.
|
| 600 |
1 |
7 |
|a Sartre, Jean-Paul,
|d 1905-1980.
|2 fast
|0 (OCoLC)fst00042642
|
| 600 |
1 |
7 |
|a Levinas, Emmanuel.
|2 fast
|0 (OCoLC)fst00046641
|
| 600 |
1 |
0 |
|a Sartre, Jean-Paul,
|d 1905-1980.
|
| 600 |
1 |
0 |
|a Levinas, Emmanuel.
|
| 650 |
|
7 |
|a Transcendence (Philosophy)
|2 fast
|0 (OCoLC)fst01154529
|
| 650 |
|
7 |
|a PHILOSOPHY
|x History & Surveys
|x Modern.
|2 bisacsh
|
| 650 |
|
6 |
|a Transcendance (Philosophie)
|
| 650 |
|
0 |
|a Transcendence (Philosophy)
|
| 655 |
|
7 |
|a Electronic books.
|2 local
|
| 710 |
2 |
|
|a Project Muse.
|e distributor
|
| 830 |
|
0 |
|a Book collections on Project MUSE.
|
| 856 |
4 |
0 |
|z Texto completo
|u https://projectmuse.uam.elogim.com/book/28071/
|
| 945 |
|
|
|a Project MUSE - Custom Collection
|
| 945 |
|
|
|a Project MUSE - 2014 Philosophy and Religion
|
| 945 |
|
|
|a Project MUSE - 2014 Complete
|